KOHA-Header-6

Mc Grath's Financial Institutions Instruments And Markets (Record no. 6424)

000 -LEADER
fixed length control field 00302nam a2200109Ia 4500
100 ## - MAIN ENTRY--AUTHOR NAME
Personal name Christopher Viney
245 #0 - TITLE STATEMENT
Title Mc Grath's Financial Institutions Instruments And Markets
260 ## - PUBLICATION, DISTRIBUTION, ETC. (IMPRINT)
Place of publication Canada
Name of publisher Tata McGraw Hill
Year of publication 2003
300 ## - PHYSICAL DESCRIPTION
Number of Pages 735
942 ## - ADDED ENTRY ELEMENTS (KOHA)
Koha item type Books
Holdings
Withdrawn status Lost status Collection code Permanent Location Current Location Shelving location Date acquired Full call number Accession Number Koha item type
    Finance MAJU MAJU Shelf No.B44 2019-09-07 658.8 5560 Finance

Powered by Koha